[Event "European Rapid 2011"]
[Site "Warsaw POL"]
[Date "2011.12.17"]
[Round "8"]
[White "Kravtsiv, Martyn"]
[Black "Kantans, Toms"]
[Result "1-0"]
[WhiteTitle "GM"]
[BlackTitle "FM"]
[WhiteElo "2601"]
[BlackElo "2338"]
[WhiteFideId "14113147"]
[BlackFideId "11602945"]
[EventDate "2011.12.17"]

1. e4 c5 2. Nf3 Nf6 3. Nc3 Nc6 4. d4 d5 5. dxc5 d4 6. Ne2 e5 7. Ng3 Bxc5 8. Bd3
O-O 9. O-O h6 10. a3 a5 11. h3 Be6 12. Nh4 Re8 13. f4 exf4 14. Bxf4 Bd6 15. Qd2
Nh7 16. Bxd6 Qxd6 17. Nhf5 Qe5 18. Nh5 Bxf5 19. Rxf5 Qe7 20. Bc4 Ne5 21. Bd5
Rad8 22. Raf1 Rd7 23. Qxd4 g6 24. Rxf7 1-0

[Event "European Rapid 2011"]
[Site "Warsaw POL"]
[Date "2011.12.17"]
[Round "8"]
[White "Leniart, Arkadiusz"]
[Black "Swiercz, Dariusz"]
[Result "0-1"]
[WhiteTitle "IM"]
[BlackTitle "GM"]
[WhiteElo "2455"]
[BlackElo "2584"]
[WhiteFideId "1124226"]
[BlackFideId "1126881"]
[EventDate "2011.12.17"]

1. e4 c5 2. Nf3 d6 3. d4 cxd4 4. Nxd4 Nf6 5. Nc3 a6 6. Be3 e5 7. Nf3 Qc7 8. a4
Be7 9. Be2 O-O 10. O-O Nbd7 11. a5 Nc5 12. Nd2 Be6 13. Bg5 Ncd7 14. Bf3 Rac8 15.
Qe2 Rfe8 16. Rfc1 Bf8 17. g3 g6 18. Be3 Bg7 19. Ra3 h5 20. Bg2 Bf8 21. Raa1 Bg7
22. Ra3 Bg4 23. Qf1 Be6 24. Qe2 Bf8 25. Raa1 Qc6 26. h3 Qc7 27. Kh2 Bg7 28. Ra3
Bf8 29. Raa1 Bg7 30. Ra3 Qb8 31. Qd3 h4 32. Na4 hxg3+ 33. fxg3 Nh5 34. Bf3 Nhf6
35. c4 Nc5 36. Qf1 Nxa4 37. Rxa4 Qc7 38. Raa1 Qe7 39. b4 Nd7 40. Bg2 Rc7 41. Ra3
Rec8 42. Rac3 Nb8 43. Bb6 Rd7 44. b5 Bh6 45. Qe2 Qe8 46. R1c2 Re7 47. Qd3 Nd7
48. Bf2 Nc5 49. Bxc5 dxc5 50. Nf3 Rd7 51. Qe2 Bg7 52. bxa6 bxa6 53. Rb3 Rb8 54.
Rcb2 Rxb3 55. Rxb3 Rd6 56. Qc2 Bf6 57. Bf1 Kg7 58. Rb6 Qd8 59. Qb2 Qc7 60. g4
Kh7 61. Kg3 Bc8 62. Be2 Bd8 63. Rb8 Bf6 64. g5 Bg7 65. Rb6 Qd7 66. Rxd6 Qxd6 67.
Nh2 Qd8 68. h4 Qxa5 69. Nf3 Qb4 70. Qa1 a5 71. Qh1 Kg8 72. h5 gxh5 73. Qxh5 Qb6
74. Nh4 a4 75. Nf5 Bxf5 76. exf5 Qb3+ 77. Kg2 Qc2 78. Qg4 a3 79. f6 Bf8 80. Kf2
a2 0-1

[Event "European Rapid 2011"]
[Site "Warsaw POL"]
[Date "2011.12.17"]
[Round "8"]
[White "Zontakh, Andrey"]
[Black "Klekowski, Maciej"]
[Result "1/2-1/2"]
[WhiteTitle "GM"]
[WhiteElo "2566"]
[BlackElo "2308"]
[WhiteFideId "14101130"]
[BlackFideId "1132717"]
[EventDate "2011.12.17"]

1. Nf3 Nf6 2. c4 e6 3. g3 d5 4. d4 Bb4+ 5. Nc3 O-O 6. Bg2 Nbd7 7. O-O dxc4 8.
Qc2 Rb8 9. e4 Re8 10. e5 Nd5 11. Ng5 Nf8 12. h4 Nxc3 13. bxc3 Be7 14. Qa4 b5 15.
Qxa7 Rb6 16. Qa8 Bb7 17. Qxd8 Rxd8 18. Be3 Bxg2 19. Kxg2 Ra6 20. Ne4 Rda8 21. f4
Rxa2+ 22. Rxa2 Rxa2+ 23. Kf3 Nd7 24. g4 Nb6 25. f5 Nd5 26. fxe6 fxe6 27. Bg5 Bf8
28. Bc1 Be7 29. h5 Ra1 30. Ke2 h6 31. Bd2 Ra2 32. Kd1 b4 33. cxb4 Bxb4 34. Bxb4
Ne3+ 35. Ke1 Nc2+ 36. Kd2 Nxb4+ 37. Kc3 Nd5+ 38. Kxc4 Rg2 39. Kd3 Rxg4 40. Nc5
Rf4 41. Rxf4 Nxf4+ 42. Ke4 Nxh5 43. Nxe6 c6 44. Nd8 Ng3+ 45. Kf3 Nf5 46. Nxc6 g5
47. d5 g4+ 48. Kf4 g3 49. d6 g2 50. d7 g1=Q 51. d8=Q+ Kh7 52. Kxf5 Qg6+ 53. Kf4
Qxc6 54. Qd6 Qc4+ 55. Kf5 Qf7+ 56. Qf6 Kg8 57. e6 Qxf6+ 58. Kxf6 1/2-1/2

[Event "European Rapid 2011"]
[Site "Warsaw POL"]
[Date "2011.12.17"]
[Round "8"]
[White "Cooper, Lawrence H"]
[Black "Banusz, Tamas"]
[Result "0-1"]
[WhiteTitle "IM"]
[BlackTitle "GM"]
[WhiteElo "2317"]
[BlackElo "2563"]
[WhiteFideId "401536"]
[BlackFideId "722413"]
[EventDate "2011.12.17"]

1. e4 e5 2. Bc4 Nf6 3. d3 c6 4. Nf3 d5 5. Bb3 Bb4+ 6. Bd2 Bxd2+ 7. Nbxd2 Nbd7 8.
O-O O-O 9. Re1 a5 10. c3 Re8 11. exd5 cxd5 12. Ba4 Re7 13. Bxd7 Nxd7 14. c4 d4
15. Ne4 Nf8 16. Rc1 f6 17. a3 a4 18. Rb1 Ng6 19. b4 axb3 20. Qxb3 Kh8 21. a4 Bf5
22. Ng3 Bg4 23. Nd2 Qa5 24. Nde4 Qxa4 25. Qxa4 Rxa4 26. Nc5 Ra7 27. Nge4 h6 28.
Nd6 Rc7 29. Ncxb7 Nf4 30. Rb3 Ra2 31. h3 Be2 32. Nd8 Bxd3 33. Rb8 Kh7 34. N8f7
Bxc4 35. Rh8+ Kg6 36. Nxc4 Rxc4 37. Nd6 Rcc2 38. Rf1 d3 39. Rd8 Ne2+ 40. Kh2 Nd4
41. Ne4 f5 42. Rd6+ Kh7 43. Ng3 Rxf2 44. Rxf2 Rxf2 0-1

[Event "European Rapid 2011"]
[Site "Warsaw POL"]
[Date "2011.12.17"]
[Round "8"]
[White "Rogule, Laura"]
[Black "Dziuba, Marcin"]
[Result "0-1"]
[WhiteTitle "WGM"]
[BlackTitle "GM"]
[WhiteElo "2312"]
[BlackElo "2589"]
[WhiteFideId "11601876"]
[BlackFideId "1112953"]
[EventDate "2011.12.17"]

1. c4 Nf6 2. Nc3 g6 3. e4 d6 4. g3 Bg7 5. Bg2 O-O 6. Nge2 c5 7. Rb1 Nc6 8. O-O
a6 9. a3 Rb8 10. b4 cxb4 11. axb4 b5 12. d4 Bd7 13. d5 Ne5 14. c5 Qc7 15. c6 Bc8
16. f4 Nc4 17. h3 e6 18. Kh2 exd5 19. Nxd5 Nxd5 20. exd5 Bf5 21. Rb3 Rfe8 22.
Re1 a5 23. bxa5 Qxa5 24. Rf1 Qa2 25. Nc3 Bxc3 26. Rxc3 Re2 27. Rg1 Be4 28. Qf1
Bxd5 29. Kh1 Rxg2 30. Rxg2 Bxc6 31. Rf3 Qb1 32. Rgf2 Ra8 33. Kh2 Bxf3 34. Rxf3
Ra2+ 35. Kg1 Qc2 36. Rf2 Qxf2+ 37. Qxf2 Rxf2 38. Kxf2 b4 0-1

[Event "European Rapid 2011"]
[Site "Warsaw POL"]
[Date "2011.12.17"]
[Round "8"]
[White "Mista, Aleksander"]
[Black "Weichhold, Pawel"]
[Result "1/2-1/2"]
[WhiteTitle "GM"]
[WhiteElo "2587"]
[BlackElo "2304"]
[WhiteFideId "1110381"]
[BlackFideId "1139703"]
[EventDate "2011.12.17"]

1. e4 c5 2. Nf3 d6 3. d4 cxd4 4. Nxd4 Nf6 5. Nc3 g6 6. Be3 Bg7 7. f3 O-O 8. Qd2
Nc6 9. O-O-O d5 10. exd5 Nxd5 11. Nxc6 bxc6 12. Bd4 e5 13. Bc5 Be6 14. Ne4 Qb8
15. h4 Rd8 16. h5 h6 17. hxg6 f5 18. Nc3 Nxc3 19. Qxd8+ Qxd8 20. Rxd8+ Rxd8 21.
bxc3 e4 22. fxe4 fxe4 23. Rh4 Bxc3 24. Rxe4 Bd2+ 25. Kb2 Rb8+ 26. Ka3 Bc1+ 27.
Ka4 Bxa2 28. Bc4+ Bxc4 29. Rxc4 Kg7 30. Bd4+ Kxg6 31. Rxc6+ Kf5 32. Bxa7 Ra8 33.
Ra6 Rg8 34. c4 Rxg2 35. Kb5 h5 36. Kc6 Rb2 37. Bd4 Rd2 38. Ra1 Rxd4 39. Rxc1 h4
40. c5 h3 41. Kb5 Kf4 42. c6 Rd8 43. c7 Rc8 44. Kc6 h2 45. Kd7 Rxc7+ 46. Kxc7
Kg3 47. Kd6 Kg2 48. Rc2+ Kg1 49. Rxh2 Kxh2 1/2-1/2

[Event "European Rapid 2011"]
[Site "Warsaw POL"]
[Date "2011.12.17"]
[Round "8"]
[White "Bartel, Michal"]
[Black "Zhigalko, Andrey"]
[Result "0-1"]
[WhiteTitle "FM"]
[BlackTitle "GM"]
[WhiteElo "2302"]
[BlackElo "2572"]
[WhiteFideId "1119257"]
[BlackFideId "13502247"]
[EventDate "2011.12.17"]

1. e4 c5 2. Ne2 Nf6 3. Nbc3 d6 4. d4 cxd4 5. Nxd4 a6 6. Be3 e6 7. g4 h6 8. h3 b5
9. Bg2 Bb7 10. a3 Nbd7 11. Nde2 g5 12. Ng3 Ne5 13. Bd4 Be7 14. O-O Qc7 15. f4
gxf4 16. Rxf4 O-O-O 17. Qf1 Nfd7 18. a4 b4 19. Na2 Bg5 20. Nxb4 Bxf4 21. Qxf4 f6
22. Ra3 Kb8 23. Qf2 Rc8 24. Bf1 Ka8 25. a5 Nc4 26. Ra1 h5 27. gxh5 Rhg8 28. Kh2
f5 29. exf5 e5 30. Bb6 Ndxb6 31. axb6 Qxb6 32. Qxb6 Nxb6 33. Bxa6 Bxa6 34. Nxa6
Kb7 35. Nb4 Rc4 36. c3 Rf4 37. Rg1 e4 38. Rg2 d5 39. Nc2 Nc4 40. Nd4 Rh4 41. f6
Ne5 42. Ngf5 Rxg2+ 43. Kxg2 Rxh5 44. Kg3 Kc7 45. h4 Kd7 46. Kf4 Nf7 47. Kg4 Rh8
48. Ne3 Kd6 49. Kf5 Rxh4 50. Kg6 Ne5+ 51. Kg7 Rh2 52. b4 Rh3 53. f7 Rg3+ 54. Kf6
Nd7+ 0-1

[Event "European Rapid 2011"]
[Site "Warsaw POL"]
[Date "2011.12.17"]
[Round "8"]
[White "Vovk, Yuri"]
[Black "Adamski, Jan"]
[Result "1-0"]
[WhiteTitle "GM"]
[BlackTitle "IM"]
[WhiteElo "2571"]
[BlackElo "2297"]
[WhiteFideId "14113171"]
[BlackFideId "1100190"]
[EventDate "2011.12.17"]

1. d4 Nf6 2. c4 e6 3. Nc3 Bb4 4. e3 b6 5. Ne2 c5 6. a3 Ba5 7. Rb1 Na6 8. g3 Bb7
9. d5 exd5 10. Bg2 d4 11. Bxb7 dxc3 12. O-O cxb2 13. Bxb2 Nc7 14. Bxa8 Nxa8 15.
Qd6 Qc7 16. Qd3 Qc6 17. Bxf6 Qe4 1-0

[Event "European Rapid 2011"]
[Site "Warsaw POL"]
[Date "2011.12.17"]
[Round "8"]
[White "Nyzhnyk, Illya"]
[Black "Putka, Verner"]
[Result "0-1"]
[WhiteTitle "GM"]
[WhiteElo "2562"]
[BlackElo "2293"]
[WhiteFideId "14118084"]
[BlackFideId "11600659"]
[EventDate "2011.12.17"]

1. d4 d5 2. c4 Nc6 3. Nc3 dxc4 4. Nf3 Bg4 5. e3 e5 6. Bxc4 exd4 7. exd4 Qe7+ 8.
Be3 O-O-O 9. O-O Nf6 10. Re1 Qb4 11. Bb3 Bc5 12. a3 Qa5 13. Qc2 Bxd4 14. Nxd4
Nxd4 15. Bxd4 Rxd4 16. Bxf7 Rhd8 17. b4 Qg5 18. h4 Qxh4 19. Nb5 R4d7 20. Qc4 Qg5
21. f4 Qh4 22. Rac1 Kb8 23. Nxc7 Bf5 24. Re3 Rd1+ 0-1

[Event "European Rapid 2011"]
[Site "Warsaw POL"]
[Date "2011.12.17"]
[Round "8"]
[White "Wiley, Tom E"]
[Black "Antoniewski, Rafal"]
[Result "0-1"]
[WhiteTitle "FM"]
[BlackTitle "GM"]
[WhiteElo "2292"]
[BlackElo "2559"]
[WhiteFideId "401765"]
[BlackFideId "1111078"]
[EventDate "2011.12.17"]

1. d4 Nf6 2. c4 c5 3. d5 e6 4. Nc3 exd5 5. cxd5 Bd6 6. g3 O-O 7. Bg2 Re8 8. Nf3
Bc7 9. O-O d6 10. a4 a6 11. Nd2 Nbd7 12. Nc4 Ne5 13. b3 Rb8 14. h3 Ng6 15. e4 b5
16. axb5 axb5 17. Nd2 Bd7 18. Bb2 h5 19. h4 Ne5 20. Qc2 Neg4 21. Nd1 Bb6 22. f3
Ne5 23. Kh2 Rc8 24. Nf2 c4 25. bxc4 bxc4 26. Bc3 Qc7 27. Nh3 Qc5 28. Nf4 Qe3 29.
Bh3 Bxh3 30. Kxh3 Nd3 31. Bxf6 Nxf4+ 32. gxf4 gxf6 33. f5 c3 34. Nb3 Kh7 35. Qh2
Bc7 36. Rae1 Qb6 37. Nc1 Rg8 38. Rg1 Bb8 39. Ne2 Qe3 40. Rgf1 c2 41. Nf4 c1=Q
42. Rxc1 Rxc1 43. Rxc1 Qxf3+ 0-1

[Event "European Rapid 2011"]
[Site "Warsaw POL"]
[Date "2011.12.17"]
[Round "8"]
[White "Warszawski, Bartosz"]
[Black "Gritsak, Orest"]
[Result "1/2-1/2"]
[BlackTitle "GM"]
[WhiteElo "2278"]
[BlackElo "2548"]
[WhiteFideId "1110799"]
[BlackFideId "14102188"]
[EventDate "2011.12.17"]

1. e4 c5 2. Nf3 e6 3. d4 cxd4 4. Nxd4 a6 5. Nc3 d6 6. Bd3 Nf6 7. Qe2 Nbd7 8. f4
Nc5 9. Bd2 b5 10. a3 Bb7 11. O-O-O Rc8 12. g4 Nfd7 13. g5 g6 14. f5 Ne5 15. Rhf1
Qd7 16. Kb1 Be7 17. fxe6 fxe6 18. Rf2 Nf7 19. h4 O-O 20. Rh2 Ne5 21. h5 Rf7 22.
hxg6 Nxg6 23. Rdh1 Rg7 24. Rxh7 Nxd3 25. Rxg7+ Kxg7 26. cxd3 Rh8 27. Rxh8 Nxh8
28. Qh5 Kg8 29. Qh6 Bc8 1/2-1/2

[Event "European Rapid 2011"]
[Site "Warsaw POL"]
[Date "2011.12.17"]
[Round "8"]
[White "Licznerski, Lukasz"]
[Black "Gdanski, Jacek"]
[Result "0-1"]
[BlackTitle "GM"]
[WhiteElo "2271"]
[BlackElo "2538"]
[WhiteFideId "1179250"]
[BlackFideId "1100106"]
[EventDate "2011.12.17"]

1. e4 e6 2. d4 d5 3. Nd2 c5 4. exd5 Qxd5 5. Ngf3 cxd4 6. Bc4 Qd6 7. O-O Nf6 8.
Nb3 Nc6 9. Nbxd4 Nxd4 10. Qxd4 Qxd4 11. Nxd4 Bd7 12. Be2 Bc5 13. Nb3 Bb6 14. a4
a5 15. Bf3 Bc6 16. Bxc6+ bxc6 17. Nd2 O-O-O 18. Nc4 Kb7 19. Nxb6 Kxb6 20. Be3+
Ka6 21. Ra3 Nd5 22. Bc5 Rb8 23. Rb1 Rhd8 24. Rg3 g6 25. b3 e5 26. Kf1 f5 27. Rd3
Nf4 28. Rxd8 Rxd8 29. Be3 Nd5 30. Ke1 Nb4 0-1

[Event "European Rapid 2011"]
[Site "Warsaw POL"]
[Date "2011.12.17"]
[Round "8"]
[White "Sergeev, Vladimir"]
[Black "Paterek, Michal"]
[Result "0-1"]
[WhiteTitle "GM"]
[BlackTitle "FM"]
[WhiteElo "2526"]
[BlackElo "2257"]
[WhiteFideId "14101076"]
[BlackFideId "1116142"]
[EventDate "2011.12.17"]

1. d4 d5 2. c4 c6 3. e3 Nf6 4. Nc3 a6 5. Bd2 Bf5 6. a4 e6 7. Qb3 Ra7 8. c5 e5 9.
Nf3 Nbd7 10. Be2 e4 11. Nh4 Be6 12. g3 g5 13. Ng2 Bh3 14. Rg1 Bg7 15. Qd1 a5 16.
f4 exf3 17. Bxf3 O-O 18. Kf2 b6 19. cxb6 Qxb6 20. Ne1 c5 21. g4 cxd4 22. Nb5 Ne5
23. Nxa7 Re8 24. Kg3 dxe3 25. Bc3 Nxf3 26. Nxf3 Ne4+ 27. Kxh3 0-1

[Event "European Rapid 2011"]
[Site "Warsaw POL"]
[Date "2011.12.17"]
[Round "8"]
[White "Warakomski, Tomasz"]
[Black "Dionisi, Thomas"]
[Result "1-0"]
[WhiteTitle "IM"]
[WhiteElo "2492"]
[BlackElo "2249"]
[WhiteFideId "1124552"]
[BlackFideId "651893"]
[EventDate "2011.12.17"]

1. e4 e5 2. Nf3 f5 3. Nxe5 Qf6 4. d4 d6 5. Nc4 fxe4 6. Nc3 Qg6 7. Ne3 c6 8. d5
Nf6 9. Bc4 Be7 10. Ne2 b5 11. Bb3 c5 12. c4 O-O 13. Nf4 Qg5 14. Ne6 Bxe6 15.
dxe6 Nc6 16. cxb5 Nd4 17. O-O Qg6 18. Nd5 Rae8 19. Nf4 Qf5 20. Be3 Ng4 21. h3
Ne5 22. Qh5 Qxh5 23. Nxh5 Rb8 24. Bxd4 cxd4 25. Ng3 e3 26. fxe3 dxe3 1-0

[Event "European Rapid 2011"]
[Site "Warsaw POL"]
[Date "2011.12.17"]
[Round "8"]
[White "Simonian, Hrair"]
[Black "Jaroch, Pawel"]
[Result "1/2-1/2"]
[WhiteTitle "GM"]
[WhiteElo "2468"]
[BlackElo "2248"]
[WhiteFideId "13302337"]
[BlackFideId "1124366"]
[EventDate "2011.12.17"]

1. e4 e6 2. Nc3 d5 3. d4 Nf6 4. Bg5 Be7 5. e5 Nfd7 6. h4 Nc6 7. Qd2 Nb6 8. O-O-O
h6 9. Bxe7 Qxe7 10. Nf3 Bd7 11. h5 O-O-O 12. Rh4 a6 13. Rf4 f5 14. g4 fxg4 15.
Rxg4 Rdf8 16. Nh4 Be8 17. Ng6 Bxg6 18. Rxg6 Rf5 19. b3 Rxh5 20. Be2 Rg5 21. Rxg5
hxg5 22. Bg4 Kb8 23. Nb1 Rh2 24. Qe3 Qf7 25. Rd2 Rh1+ 26. Rd1 Rxd1+ 27. Kxd1 Qg6
28. a3 a5 29. Nd2 a4 30. b4 Qh6 31. Kc1 Qh1+ 32. Kb2 Qh4 33. f3 1/2-1/2

[Event "European Rapid 2011"]
[Site "Warsaw POL"]
[Date "2011.12.17"]
[Round "8"]
[White "Kanarek, Marcel"]
[Black "Wandzik, Wojciech"]
[Result "1-0"]
[WhiteTitle "IM"]
[WhiteElo "2467"]
[BlackElo "2239"]
[WhiteFideId "1126822"]
[BlackFideId "1138910"]
[EventDate "2011.12.17"]

1. d4 f5 2. c4 Nf6 3. Nc3 g6 4. g3 Bg7 5. Bg2 d6 6. Nf3 O-O 7. O-O Nc6 8. d5 Na5
9. b3 Ne4 10. Nxe4 fxe4 11. Nd4 c5 12. dxc6 Nxc6 13. Bb2 Nxd4 14. Bxd4 e3 15. f4
Bg4 16. Bxg7 Kxg7 17. Qd4+ Kg8 18. Bxb7 Rb8 19. Bf3 Bh3 20. Rfd1 e5 21. fxe5
dxe5 22. Qxe5 Qf6 23. Qxe3 Rbe8 24. Qxa7 g5 25. Qd4 Re5 26. Qd6 Re6 27. Qd4 Re5
28. c5 Qf5 29. Qd3 Qf6 30. Qd6 Re6 31. Qd4 Re5 32. c6 h5 33. Bxh5 Qf5 34. Bf3 g4
35. Bd5+ 1-0

[Event "European Rapid 2011"]
[Site "Warsaw POL"]
[Date "2011.12.18"]
[Round "9"]
[White "Timofeev, Artyom"]
[Black "Volokitin, Andrei"]
[Result "1/2-1/2"]
[WhiteTitle "GM"]
[BlackTitle "GM"]
[WhiteElo "2659"]
[BlackElo "2695"]
[WhiteFideId "4140419"]
[BlackFideId "14107090"]
[EventDate "2011.12.17"]

1. c4 e5 2. d3 Nf6 3. Nf3 Nc6 4. Nc3 Bb4 5. Bd2 O-O 6. a3 Bxc3 7. Bxc3 Re8 8. e4
d6 9. Be2 Bg4 10. O-O Bxf3 11. Bxf3 Nd7 12. b4 a5 13. Qd2 Nb6 14. b5 Nd4 15.
Bxd4 exd4 16. e5 d5 17. Qf4 dxc4 18. Bxb7 Rb8 19. Bc6 Re7 20. Rfe1 Re6 21. dxc4
Nxc4 22. Re4 Qe7 23. Rae1 Nxa3 24. Rxd4 Nxb5 25. Rd7 Qe8 26. Qc4 Na7 27. Ba4
Rxe5 28. Rxe5 Qxe5 29. Qxf7+ Kh8 30. g3 Qe1+ 31. Kg2 Qe4+ 32. Kh3 Qg6 33. Qxg6
hxg6 34. Rxc7 Nc8 35. Bc2 Kh7 36. Kg4 a4 37. h4 a3 38. h5 a2 39. Bxg6+ Kh6 40.
Rc1 Nd6 41. Ra1 Rb2 42. f4 Nb5 43. Kh3 Nd4 44. g4 Rb3+ 45. Kg2 Rb2+ 46. Kg3 Rb3+
47. Kg2 Rb2+ 48. Kg3 Rb3+ 49. Kh2 Nf3+ 50. Kh1 Rb2 51. g5+ Nxg5 52. fxg5+ Kxg5
53. Kg1 Kg4 1/2-1/2

[Event "European Rapid 2011"]
[Site "Warsaw POL"]
[Date "2011.12.18"]
[Round "9"]
[White "Azarov, Sergei"]
[Black "Kempinski, Robert"]
[Result "1-0"]
[WhiteTitle "GM"]
[BlackTitle "GM"]
[WhiteElo "2667"]
[BlackElo "2603"]
[WhiteFideId "13501470"]
[BlackFideId "1105663"]
[EventDate "2011.12.17"]

1. e4 c5 2. Nf3 Nc6 3. d4 cxd4 4. Nxd4 e5 5. Nb5 d6 6. N1c3 a6 7. Na3 Be7 8. Nc4
b5 9. Ne3 Nf6 10. g3 O-O 11. Bg2 Rb8 12. O-O b4 13. Ncd5 Nxd5 14. Nxd5 Bg5 15.
Bxg5 Qxg5 16. Qd3 a5 17. a3 bxa3 18. Qxa3 Rd8 19. c3 Ba6 20. Rfe1 Bc4 21. Ne3
Bb3 22. Re2 g6 23. Rd2 Qe7 24. Nd5 Qb7 25. Ne3 Qc7 26. h4 Kg7 27. h5 a4 28. Re1
Na5 29. Bf3 Qc5 30. Qa1 Be6 31. Bd1 Nb3 32. Bxb3 Bxb3 33. Qc1 Be6 34. h6+ Kf8
35. Nd5 Bxd5 36. Rxd5 Qc7 37. Red1 Ke7 38. Qa1 f6 39. Qxa4 Rxb2 40. c4 Rbb8 41.
Qa3 Ra8 42. Qb3 Rab8 43. Qe3 Rbc8 44. Rc1 Qb7 45. c5 dxc5 46. Rdxc5 Rxc5 47.
Qxc5+ Kf7 48. Qc4+ Kf8 49. Qe6 Qe7 50. Qb6 g5 51. Rc7 Rd1+ 52. Kg2 Qd8 53. Qb7
Rb1 54. Qa7 Ke8 55. Rxh7 1-0

[Event "European Rapid 2011"]
[Site "Warsaw POL"]
[Date "2011.12.18"]
[Round "9"]
[White "Howell, David W L"]
[Black "Kryvoruchko, Yuriy"]
[Result "1/2-1/2"]
[WhiteTitle "GM"]
[BlackTitle "GM"]
[WhiteElo "2633"]
[BlackElo "2666"]
[WhiteFideId "410608"]
[BlackFideId "14109182"]
[EventDate "2011.12.17"]

1. e4 e5 2. Nf3 Nc6 3. d4 exd4 4. Nxd4 Nf6 5. Nxc6 bxc6 6. e5 Qe7 7. Qe2 Nd5 8.
Nd2 g6 9. c4 Nf4 10. Qe3 Bh6 11. Kd1 O-O 12. h4 d5 13. g3 d4 14. Qf3 Nh5 15. g4
Bxd2 16. Bxd2 Ng7 17. Bd3 Rb8 18. Kc2 f5 19. exf6 Qxf6 20. Qxf6 Rxf6 21. Rhg1
Rxf2 22. b3 Be6 23. h5 Rbf8 24. hxg6 hxg6 25. Bxg6 R8f4 26. Bd3 Rxg4 27. Rxg4
Bxg4 28. Rg1 Bc8 29. Be4 Kf7 30. Bxc6 Bf5+ 31. Kc1 Ne6 32. Bd5 Kf6 33. Bxe6 Kxe6
34. Re1+ Kd6 35. Bb4+ c5 36. Bd2 Bd3 37. Re8 Rf1+ 38. Re1 Rf2 39. Re8 Bb1 40.
Be1 Bg6 41. Rd8+ Kc7 42. Bxf2 Kxd8 1/2-1/2

[Event "European Rapid 2011"]
[Site "Warsaw POL"]
[Date "2011.12.18"]
[Round "9"]
[White "Zhigalko, Sergei"]
[Black "Ruck, Robert"]
[Result "1-0"]
[WhiteTitle "GM"]
[BlackTitle "GM"]
[WhiteElo "2651"]
[BlackElo "2579"]
[WhiteFideId "13502956"]
[BlackFideId "705713"]
[EventDate "2011.12.17"]

1. e4 c6 2. d4 d5 3. e5 Bf5 4. Nf3 e6 5. Be2 Ne7 6. O-O Nd7 7. Nbd2 h6 8. Nb3
Bh7 9. a4 Ng6 10. a5 Be7 11. c4 dxc4 12. Bxc4 O-O 13. Re1 Re8 1-0

[Event "European Rapid 2011"]
[Site "Warsaw POL"]
[Date "2011.12.18"]
[Round "9"]
[White "Andriasian, Zaven"]
[Black "Belov, Vladimir"]
[Result "1/2-1/2"]
[WhiteTitle "GM"]
[BlackTitle "GM"]
[WhiteElo "2619"]
[BlackElo "2641"]
[WhiteFideId "13302000"]
[BlackFideId "4132394"]
[EventDate "2011.12.17"]

1. e4 c5 2. Nf3 d6 3. d4 cxd4 4. Nxd4 Nf6 5. Nc3 a6 6. Be3 e6 7. a4 Nc6 8. Be2
Be7 9. O-O O-O 10. f4 Qc7 11. Kh1 Nxd4 12. Qxd4 Bd7 13. a5 Bc6 14. Bf3 1/2-1/2

[Event "European Rapid 2011"]
[Site "Warsaw POL"]
[Date "2011.12.18"]
[Round "9"]
[White "Banusz, Tamas"]
[Black "Socko, Bartosz"]
[Result "1-0"]
[WhiteTitle "GM"]
[BlackTitle "GM"]
[WhiteElo "2563"]
[BlackElo "2635"]
[WhiteFideId "722413"]
[BlackFideId "1107038"]
[EventDate "2011.12.17"]

1. Nf3 Nf6 2. c4 g6 3. g3 Bg7 4. d4 d6 5. Bg2 O-O 6. O-O Nc6 7. Nc3 Bg4 8. d5
Na5 9. Nd2 c5 10. Rb1 a6 11. b3 Rb8 12. Bb2 b5 13. h3 Bd7 14. Qc2 Qc8 15. Kh2
bxc4 16. bxc4 Rb4 17. a3 Rb7 1-0

[Event "European Rapid 2011"]
[Site "Warsaw POL"]
[Date "2011.12.18"]
[Round "9"]
[White "Melkumyan, Hrant"]
[Black "Zambo, Zoltan"]
[Result "1-0"]
[WhiteTitle "GM"]
[BlackTitle "FM"]
[WhiteElo "2615"]
[BlackElo "2389"]
[WhiteFideId "13302485"]
[BlackFideId "722146"]
[EventDate "2011.12.17"]

1. d4 Nf6 2. c4 d6 3. Nf3 Nbd7 4. Nc3 e5 5. Bg5 Be7 6. e3 c6 7. Qc2 h6 8. Bxf6
Bxf6 9. O-O-O Qa5 10. Kb1 Nb6 11. Ne4 Be6 12. c5 Nd7 13. Bc4 dxc5 14. dxc5 Be7
15. a3 Nxc5 16. Nxe5 Nxe4 17. Qxe4 Bf6 18. Nxf7 1-0

[Event "European Rapid 2011"]
[Site "Warsaw POL"]
[Date "2011.12.18"]
[Round "9"]
[White "Berzina, Ilze"]
[Black "Lintchevski, Daniil"]
[Result "0-1"]
[WhiteTitle "WGM"]
[BlackTitle "GM"]
[WhiteElo "2320"]
[BlackElo "2575"]
[WhiteFideId "11601345"]
[BlackFideId "4171055"]
[EventDate "2011.12.17"]

1. e4 c6 2. Nc3 d5 3. Nf3 Bg4 4. h3 Bxf3 5. Qxf3 e6 6. d3 Nd7 7. g4 Bb4 8. Bd2
d4 9. Nb1 Bxd2+ 10. Nxd2 Ne7 11. Bg2 Ng6 12. Qg3 e5 13. h4 Nf4 14. Bf3 Qa5 15.
a3 Qc5 16. Bd1 h6 17. O-O g5 18. h5 O-O 19. Qf3 Rfd8 20. Re1 Qa5 21. b4 Qc7 22.
Nb3 c5 23. b5 c4 24. dxc4 Qxc4 25. a4 b6 26. Be2 Qb4 27. Bd3 Rac8 28. a5 Rc3 29.
axb6 axb6 30. Nc1 Rxc2 31. Ne2 Nxe2+ 32. Bxe2 Qc3 33. Bd3 Rd2 34. Red1 Rxd1+ 35.
Qxd1 Nc5 36. Bf1 d3 37. Rc1 Qd4 38. Qf3 Kg7 39. Bg2 Rd6 40. Rd1 d2 41. Qa3 Rf6
42. Qe3 Qxe3 43. fxe3 Rd6 44. Kf2 Na4 0-1